<?xml version="1.0" encoding="UTF-8"?>
<record
    xmlns:xsi="http://www.w3.org/2001/XMLSchema-instance"
    xsi:schemaLocation="http://www.loc.gov/MARC21/slim http://www.loc.gov/standards/marcxml/schema/MARC21slim.xsd"
    xmlns="http://www.loc.gov/MARC21/slim">

  <leader>01438nam0a22003131  4500</leader>
  <controlfield tag="001">v19\rc\1290783</controlfield>
  <controlfield tag="005">20250618014028.0</controlfield>
  <datafield tag="035" ind1=" " ind2=" ">
    <subfield code="a">(NLR Aleph) 004438532</subfield>
  </datafield>
  <datafield tag="090" ind1=" " ind2=" ">
    <subfield code="a">4369062</subfield>
    <subfield code="c">4369062</subfield>
  </datafield>
  <datafield tag="100" ind1=" " ind2=" ">
    <subfield code="a">20060306e18571855|||y0rusy50      ca</subfield>
  </datafield>
  <datafield tag="101" ind1="0" ind2=" ">
    <subfield code="a">rus</subfield>
  </datafield>
  <datafield tag="102" ind1=" " ind2=" ">
    <subfield code="a">RU</subfield>
  </datafield>
  <datafield tag="105" ind1=" " ind2=" ">
    <subfield code="a">b   i   |||||</subfield>
  </datafield>
  <datafield tag="200" ind1="1" ind2=" ">
    <subfield code="a">&#x41E;&#x43F;&#x44B;&#x442; &#x441;&#x442;&#x430;&#x442;&#x438;&#x441;&#x442;&#x438;&#x447;&#x435;&#x441;&#x43A;&#x43E;&#x433;&#x43E; &#x438;&#x441;&#x441;&#x43B;&#x435;&#x434;&#x43E;&#x432;&#x430;&#x43D;&#x438;&#x44F; &#x43E; &#x433;&#x440;&#x430;&#x434;&#x430;&#x445; &#x432; &#x420;&#x43E;&#x441;&#x441;&#x438;&#x438;</subfield>
    <subfield code="e">(&#x421; &#x434;&#x43E;&#x43F;. &#x438; &#x43F;&#x43E;&#x43F;&#x440;&#x430;&#x432;&#x43A;&#x430;&#x43C;&#x438;)</subfield>
    <subfield code="f">[&#x421;&#x43E;&#x447;.] &#x410;.&#x41D;. &#x415;&#x433;&#x443;&#x43D;&#x43E;&#x432;&#x430;</subfield>
  </datafield>
  <datafield tag="210" ind1=" " ind2=" ">
    <subfield code="a">[&#x41C;&#x43E;&#x441;&#x43A;&#x432;&#x430;]</subfield>
    <subfield code="d">&#x446;&#x435;&#x43D;&#x437;. 1857</subfield>
  </datafield>
  <datafield tag="215" ind1=" " ind2=" ">
    <subfield code="a">98 &#x441;&#x442;&#x431;., [2] &#x441;., 2 &#x43B;. &#x43A;&#x430;&#x440;&#x442;.</subfield>
    <subfield code="d">30</subfield>
  </datafield>
  <datafield tag="309" ind1=" " ind2=" ">
    <subfield code="a">&#x411;&#x435;&#x437; &#x442;&#x438;&#x442;. &#x43B;. &#x438; &#x43E;&#x431;&#x43B;.</subfield>
  </datafield>
  <datafield tag="311" ind1=" " ind2=" ">
    <subfield code="a">&#x418;&#x437; "&#x412;&#x435;&#x441;&#x442;&#x43D;. &#x435;&#x441;&#x442;&#x435;&#x441;&#x442;&#x432;. &#x43D;&#x430;&#x443;&#x43A; &#x43D;&#x430; 1855-56 &#x433;." 1855 &#x433;., &#x2116; 13, &#x441;. 385-404; &#x2116; 18, &#x441;. 562-586</subfield>
  </datafield>
  <datafield tag="488" ind1=" " ind2="0">
    <subfield code="1">2001#$a&#x412;&#x435;&#x441;&#x442;&#x43D;&#x438;&#x43A; &#x435;&#x441;&#x442;&#x435;&#x441;&#x442;&#x432;&#x435;&#x43D;&#x43D;&#x44B;&#x445; &#x43D;&#x430;&#x443;&#x43A; &#x43D;&#x430; 1855-56 &#x433;.$v1855, &#x2116; 13</subfield>
    <subfield code="1">215##$aC. 385-404 &#x441;.</subfield>
    <subfield code="t">&#x412;&#x435;&#x441;&#x442;&#x43D;&#x438;&#x43A; &#x435;&#x441;&#x442;&#x435;&#x441;&#x442;&#x432;&#x435;&#x43D;&#x43D;&#x44B;&#x445; &#x43D;&#x430;&#x443;&#x43A; &#x43D;&#x430; 1855-56 &#x433;.</subfield>
  </datafield>
  <datafield tag="488" ind1=" " ind2="0">
    <subfield code="1">2001#$a&#x412;&#x435;&#x441;&#x442;&#x43D;&#x438;&#x43A; &#x435;&#x441;&#x442;&#x435;&#x441;&#x442;&#x432;&#x435;&#x43D;&#x43D;&#x44B;&#x445; &#x43D;&#x430;&#x443;&#x43A; &#x43D;&#x430; 1855-56 &#x433;.$v1855, &#x2116; 18</subfield>
    <subfield code="1">215##$a&#x421;. 562-586</subfield>
    <subfield code="t">&#x412;&#x435;&#x441;&#x442;&#x43D;&#x438;&#x43A; &#x435;&#x441;&#x442;&#x435;&#x441;&#x442;&#x432;&#x435;&#x43D;&#x43D;&#x44B;&#x445; &#x43D;&#x430;&#x443;&#x43A; &#x43D;&#x430; 1855-56 &#x433;.</subfield>
  </datafield>
  <datafield tag="700" ind1=" " ind2="1">
    <subfield code="a">&#x415;&#x433;&#x443;&#x43D;&#x43E;&#x432;</subfield>
    <subfield code="b">&#x410;.&#x41D;.</subfield>
    <subfield code="f">1824-1897</subfield>
    <subfield code="g">&#x410;&#x43B;&#x435;&#x43A;&#x441;&#x430;&#x43D;&#x434;&#x440; &#x41D;&#x438;&#x43A;&#x43E;&#x43B;&#x430;&#x435;&#x432;&#x438;&#x447;</subfield>
  </datafield>
  <datafield tag="801" ind1=" " ind2="0">
    <subfield code="a">RU</subfield>
    <subfield code="b">NLR</subfield>
    <subfield code="g">psbo</subfield>
  </datafield>
  <datafield tag="801" ind1=" " ind2="0">
    <subfield code="a">RU</subfield>
    <subfield code="b">RuMoRGB</subfield>
    <subfield code="2">psbo</subfield>
  </datafield>
  <datafield tag="801" ind1=" " ind2="1">
    <subfield code="a">RU</subfield>
    <subfield code="b">ProSoft-M</subfield>
    <subfield code="2">rusmarc</subfield>
  </datafield>
  <datafield tag="852" ind1=" " ind2=" ">
    <subfield code="a">NLR</subfield>
    <subfield code="j">18.13.1.42</subfield>
  </datafield>
  <datafield tag="899" ind1=" " ind2=" ">
    <subfield code="a">&#x411;&#x410;&#x41D;</subfield>
  </datafield>
  <datafield tag="899" ind1=" " ind2=" ">
    <subfield code="a">&#x41D;&#x411; &#x41C;&#x413;&#x423;</subfield>
  </datafield>
  <datafield tag="942" ind1=" " ind2=" ">
    <subfield code="c">BOOK</subfield>
  </datafield>
  <datafield tag="980" ind1=" " ind2=" ">
    <subfield code="a">NB</subfield>
  </datafield>
  <datafield tag="995" ind1=" " ind2=" ">
    <subfield code="5">2013-10-26</subfield>
    <subfield code="b">NLR02</subfield>
    <subfield code="c">NLR02</subfield>
    <subfield code="e">RFS</subfield>
    <subfield code="f">4438532-10</subfield>
    <subfield code="k">18.13.1.42</subfield>
    <subfield code="o">0</subfield>
    <subfield code="r">BOOK</subfield>
    <subfield code="s">1813142_</subfield>
  </datafield>
  <datafield tag="995" ind1=" " ind2=" ">
    <subfield code="5">2013-10-26</subfield>
    <subfield code="b">NLR01</subfield>
    <subfield code="c">NLR01</subfield>
    <subfield code="e">TEMP</subfield>
    <subfield code="f">4438532-20</subfield>
    <subfield code="o">0</subfield>
    <subfield code="r">BOOK</subfield>
  </datafield>
  <datafield tag="995" ind1=" " ind2=" ">
    <subfield code="5">2013-10-26</subfield>
    <subfield code="b">NLR01</subfield>
    <subfield code="c">NLR01</subfield>
    <subfield code="e">TEMP</subfield>
    <subfield code="f">4438532-30</subfield>
    <subfield code="o">0</subfield>
    <subfield code="r">BOOK</subfield>
  </datafield>
</record>
